Laddar...
The Washington Post
| Huvudupphovsman: | |
|---|---|
| Materialtyp: | Printed Book |
| Publicerad: |
Houghton Mifflin Company, Boston
1977
|
| LEADER | 00383nam a2200109 4500 | ||
|---|---|---|---|
| 082 | |a 071.53 ROB | ||
| 100 | |a Chalmers M.Roberts | ||
| 245 | |a The Washington Post |c Chalmers M.Roberts | ||
| 260 | |a Houghton Mifflin Company, Boston |c 1977 | ||
| 942 | |c BK | ||
| 999 | |c 195278 |d 195278 | ||
| 952 | |0 0 |1 0 |4 0 |6 071_530000000000000_ROB |7 0 |9 208627 |a DCI |b DCI |d 2019-10-29 |l 0 |o 071.53 ROB |p DCI1679 |r 2019-10-29 |w 2019-10-29 |y BK | ||